000 00626nam a2200205 i 4500
001 22194
003 ES-MaACL
005 20230906152640.0
007 t|
008 030131s1965 sp ||||1| baq d
130 0 _aBiblia.
_pN.T.
_pHechos de los Apóstoles.
_9119309
245 1 0 _aApostoluen egiñak eta idazkiak /
_cKerexeta'tar Jaime.
260 _aBilbao :
_bEdili,
_c[1965]
300 _a281 p. ;
_c17 cm.
490 1 _aEguillearen beste zerbait ;
_v4
700 1 _aKerexeta, Jaime.
_967899
830 0 _aEguillearen beste zerbait ;
_v4
_9228982
852 _aES-MaACL
_jC-31193
_bR.57636
999 _c22194
_d22194